[Event "26th Asian Juniors"]
[Site "Negombo SRI"]
[Date "2003.07.19"]
[Round "1"]
[White "Mahesh Chandran,P"]
[Black "Mohammad,Ali"]
[Result "1-0"]
[WhiteElo "2419"]
[BlackElo "1995"]

1.e4 c5 2.Nf3 e6 3.d4 cxd4 4.Nxd4 Nc6 5.Nc3 a6 6.Be3 Qc7 7.Be2 b5 8.O-O Bb7
9.Kh1 Nf6 10.a3 Be7 11.f4 d6 12.Bd3 O-O 13.Qf3 Rfe8 14.Rae1 Bf8 15.Qh3 Nd7
16.Nf3 Nc5 17.f5 Ne5 18.Nxe5 dxe5 19.f6 g6 20.Bh6 Qd6 21.Bxb5 Bxh6 22.Bxe8 Qf8
23.b4 Rxe8 24.bxc5 Bf4 25.Ne2 Bd2 26.Rd1 Ba5 27.Qe3 Rc8 28.Rd6 Bc7 29.Rd7 Bc6
30.Rd3 Bb5 31.c4 Bxc4 32.Rc3 Bb5 33.Rd1 Ba5 34.Rcc1 h5 35.Ng1 Bd8 36.Qg5 Ba4
37.Rd6 Bb5 38.Rc3 Qxd6 39.cxd6 Rxc3 40.h3 Bc6 41.Qxe5 Rc4 42.Qb2 Kf8 43.e5 Ke8
44.Nf3 Bxf3 45.gxf3 Rc5 46.Qb7  1-0

[Event "24th Open"]
[Site "Bled SLO"]
[Date "2003.07.20"]
[Round "9"]
[White "Perman,E"]
[Black "Mencinger,V"]
[Result "0-1"]
[WhiteElo "2081"]
[BlackElo "2360"]

1.e4 c5 2.Nf3 Nc6 3.d4 cxd4 4.Nxd4 e6 5.Nc3 Bc5 6.Nb3 Be7 7.Be2 Nf6 8.O-O d6
9.Be3 O-O 10.f4 a6 11.a4 b6 12.Bf3 Bb7 13.Qe1 Qc7 14.g4 Rfe8 15.g5 Nd7 16.Rd1 Nb4
17.Qf2 Rac8 18.Nd4 Bf8 19.Rd2 Qb8 20.Qg3 g6 21.Bg4 Rc7 22.Nb3 Qa8 23.f5 exf5
24.exf5 Nc5 25.Nxc5 bxc5 26.fxg6 fxg6 27.Rdf2 Qd8 28.Qh3 Rce7 29.Bf4 Bg7
30.Ne2 Be4 31.Bf3 Bxc2 32.Qg3 Be5 33.Bxe5 Rxe5 34.Qg4 Rxg5  0-1

[Event "11th Open"]
[Site "St Affrique FRA"]
[Date "2003.07.20"]
[Round "2"]
[White "Guidarelli,L"]
[Black "Poloni,P"]
[Result "1-0"]
[WhiteElo "2392"]
[BlackElo "2075"]

1.e4 c5 2.Nc3 e6 3.Nf3 Nc6 4.d4 cxd4 5.Nxd4 Nf6 6.Nxc6 bxc6 7.e5 Nd5 8.Ne4 Qc7
9.f4 c5 10.Be2 Bb7 11.O-O Be7 12.c4 Nb6 13.Nd6+ Bxd6 14.exd6 Qd8 15.a4 a5
16.Ra3 Ba6 17.Rg3 Bxc4 18.Bxc4 Nxc4 19.b3 Nb6 20.Bb2 Nd5 21.Qxd5  1-0

[Event "ch-City"]
[Site "Tehran IRI"]
[Date "2003.07.20"]
[Round "9"]
[White "Khaghani,M"]
[Black "Sadatnajafi,M"]
[Result "1-0"]
[WhiteElo "2212"]
[BlackElo "2223"]

1.e4 c5 2.Nf3 e6 3.d4 cxd4 4.Nxd4 Nc6 5.Nc3 Qc7 6.Be3 a6 7.Be2 Nf6 8.O-O Bb4
9.Na4 Bd6 10.g3 b5 11.Nb6 Rb8 12.Nxc8 Rxc8 13.a4 Nxd4 14.Bxd4 e5 15.Be3 Bc5
16.Bxc5 Qxc5 17.axb5 axb5 18.Ra5 Rb8 19.Qd3 O-O 20.c3 Qc4 21.Rxb5 Qxd3 22.Bxd3 Rxb5
23.Bxb5 Rb8 24.c4 Nxe4 25.Rd1 Nf6 26.g4 h6 27.h4 d5 28.g5 hxg5 29.hxg5 dxc4
30.Bxc4 Ne4 31.g6 Kf8 32.gxf7 Ke7 33.Re1 Nd6 34.Rxe5+ Kf8 35.b3 Nxc4 36.Re8+ Rxe8
37.fxe8=Q+ Kxe8 38.bxc4 Kd7 39.Kf1 Kd6 40.Ke2 Ke5 41.Ke3 g6 42.f4+ Kf5 43.c5  1-0

[Event "BCSA Open"]
[Site "Batumi GEO"]
[Date "2003.07.21"]
[Round "5"]
[White "Tsereteli,T"]
[Black "Sulashvili,G"]
[Result "1-0"]
[WhiteElo "2288"]
[BlackElo "2174"]

1.e4 c5 2.Nf3 e6 3.d4 cxd4 4.Nxd4 Nc6 5.Nc3 Qc7 6.Be2 a6 7.f4 b5 8.Nxc6 dxc6
9.O-O b4 10.Na4 Nf6 11.Bd3 c5 12.b3 Bb7 13.Qe2 Be7 14.Nb2 a5 15.Nc4 a4 16.Bb2 O-O
17.f5 exf5 18.Rxf5 Bc8 19.Be5 Qc6 20.Rf4 Nd7 21.Raf1 Ba6 22.Bxg7 Kxg7 23.Qg4+ Kh8
24.Rxf7 Rxf7 25.Rxf7 Rg8 26.Qf5 Rg7 27.Rxg7 Kxg7 28.Na5 Qb6 29.Bxa6 c4+ 30.Kh1 Qxa6
31.Qxd7 cxb3 32.Qxe7+ Kg6 33.Qe8+ Kg7 34.Qd7+ Kg8 35.Qd5+ Kg7 36.Qd4+ Kg6
37.cxb3 Qxa5 38.h3 axb3 39.axb3 Qa3 40.Qd6+ Kf7 41.Qd5+ Kg7 42.Kh2 Qc1 43.Qe5+ Kf7
44.Qf5+ Kg7 45.e5 h5 46.h4 Qe1 47.Qxh5 Kf8 48.Qf5+ Kg8 49.Qg5+ Kh7 50.h5 Kh8
51.h6  1-0

[Event "ch-GBR"]
[Site "Edinburgh SCO"]
[Date "2003.07.21"]
[Round "7"]
[White "Rowson,J"]
[Black "Kunte,A"]
[Result "0-1"]
[WhiteElo "2536"]
[BlackElo "2515"]

1.e4 c5 2.Nf3 e6 3.d4 cxd4 4.Nxd4 Nc6 5.Nc3 Qc7 6.Be3 a6 7.Qd2 Nf6 8.O-O-O Bb4
9.f3 Ne5 10.Nb3 b5 11.Bd4 Be7 12.Qg5 d6 13.Qxg7 Rg8 14.Qh6 b4 15.Ne2 Bd7
16.Kb1 a5 17.Ng3 a4 18.Nd2 Rc8 19.Rc1 b3 20.axb3 axb3 21.Nxb3 Nc6 22.Bxf6 Rg6
23.Qxh7 Bxf6 24.Nh5 Qa7 25.c3 Ra8 26.Nxf6+ Rxf6 27.Nd2 Ne5 28.Nc4 Qa2+ 29.Kc2 Ke7
30.Nxe5 Ba4+ 31.Kd3 Qxb2 32.Nc6+ Bxc6 33.Rc2 Qb1 34.e5 dxe5 35.Ke3 e4  0-1

[Event "ch-GBR"]
[Site "Edinburgh SCO"]
[Date "2003.07.21"]
[Round "7"]
[White "Gallagher,Jo"]
[Black "Arakhamia,K"]
[Result "1/2-1/2"]
[WhiteElo "2520"]
[BlackElo "2408"]

1.e4 c5 2.Nf3 e6 3.Nc3 Nc6 4.d4 cxd4 5.Nxd4 Nf6 6.Nxc6 bxc6 7.e5 Nd5 8.Ne4 Bb7
9.Be2 c5 10.O-O Qc7 11.Nd6+ Bxd6 12.exd6 Qc6 13.f3 c4 14.Qd4 O-O 15.Bxc4 Rfc8
16.Bxd5 Qxd5 17.Qxd5 Bxd5 18.Rf2 Rc6 19.Bf4 Rac8 20.Rc1 f6 21.Rd2 a5 22.b3 Rc3
23.Rd4 R8c5 24.Bg3  1/2-1/2

[Event "26th Asian Juniors Girls"]
[Site "Negombo SRI"]
[Date "2003.07.21"]
[Round "4"]
[White "Kavitha,J"]
[Black "Nilavoli,H"]
[Result "0-1"]
[WhiteElo "2066"]
[BlackElo "2111"]

1.e4 c5 2.Nf3 e6 3.d4 cxd4 4.Nxd4 Nc6 5.Nc3 a6 6.Be2 Qc7 7.O-O Nf6 8.Be3 Bb4
9.Na4 Be7 10.Nxc6 bxc6 11.Nb6 Rb8 12.Nxc8 Qxc8 13.Bd4 d5 14.exd5 cxd5 15.Kh1 O-O
16.a3 Nd7 17.f4 Bf6 18.c4 dxc4 19.Rc1 a5 20.Bxc4 Qb7 21.b3 Bxd4 22.Qxd4 Nb6
23.Bb5 Rfd8 24.Qf2 Nd5 25.a4 h6 26.Rfd1 Nb4 27.Rd4 Rbc8 28.Rcd1 Rxd4 29.Qxd4 Qd5
30.Bc4 Qxd4 31.Rxd4 Nc6 32.Rd7 Rd8 33.Rxd8+ Nxd8 34.Kg1 Kf8 35.Kf2 Ke7 36.Ke3 Kd6
37.Ke4 f5+ 38.Ke3 e5 39.fxe5+ Kxe5 40.g3 g5 41.Bg8 Nc6 42.Bf7 f4+ 43.gxf4+ gxf4+
44.Kf2 Nd4 45.h4 Kf6 46.Bc4 Kg6 47.Kg2 Kf5 48.h5 Kg5 49.Bf7 f3+ 50.Kf2 Nc6
51.Bd5 Ne5 52.Be4 Kf4 53.Bd5 Ng4+ 54.Ke1  0-1

[Event "3rd Savaria Summer Open"]
[Site "Szombathely HUN"]
[Date "2003.07.21"]
[Round "3"]
[White "Zakar,D"]
[Black "Kakuk,S"]
[Result "0-1"]
[WhiteElo "2016"]
[BlackElo "2208"]

1.e4 c5 2.Nf3 Nc6 3.d4 cxd4 4.Nxd4 e6 5.Nc3 Qc7 6.Be3 a6 7.Bd3 b5 8.O-O Bb7
9.Nb3 Nf6 10.f4 d6 11.Qe2 Be7 12.Rae1 O-O 13.Rf3 b4 14.Na4 Nd7 15.Rh3 g6
16.Qf2 Bf6 17.Nb6 Rad8 18.g4 Rfe8 19.g5 Bxb2 20.Nxd7 Qxd7 21.Qh4 h5 22.gxh6 Kh7
23.f5 exf5 24.exf5 Ne5 25.fxg6+ fxg6 26.Qg3 Qc6 27.Rf1 Qh1+ 28.Kf2 Rf8+ 29.Bf4 Rxf4+
30.Qxf4 Qg2+ 31.Ke1 Qxh3  0-1

[Event "ch-COL"]
[Site "Cali COL"]
[Date "2003.07.22"]
[Round "1"]
[White "Garcia,Gild"]
[Black "Diaz Cordoba,F"]
[Result "1-0"]
[WhiteElo "2473"]
[BlackElo "2235"]

1.e4 c5 2.Nf3 e6 3.d4 cxd4 4.Nxd4 Nc6 5.Nc3 Qc7 6.Nxc6 dxc6 7.Be3 Nf6 8.Qd2 b5
9.f3 a6 10.Bf4 Qb6 11.O-O-O Be7 12.Bd6 Bxd6 13.Qxd6 Ra7 14.Qg3 O-O 15.e5 Qe3+
16.Kb1 Nh5 17.Qh4 Nf4 18.Re1 Qd2 19.Ne4 Qa5 20.Bd3 Nxd3 21.cxd3 Qd8 22.Qf2 Qxd3+
23.Ka1 Rd7 24.Nd6 Qd5 25.f4 c5 26.Rc1 c4 27.Rhd1 Qc6 28.g4 Bb7 29.Qd4 Qf3
30.f5 exf5 31.gxf5 Rfd8 32.f6 Qe4 33.Qg1 Qg6 34.Qb6 Qh5 35.Rg1 g6 36.Nxb7 c3
37.Rxc3 Rd1+ 38.Rc1 Rxc1+ 39.Rxc1  1-0

[Event "ch-NED Open"]
[Site "Dieren NED"]
[Date "2003.07.22"]
[Round "1"]
[White "Muhren,W"]
[Black "Van der Werf,M"]
[Result "0-1"]
[WhiteElo "2175"]
[BlackElo "2423"]

1.e4 c5 2.Nf3 e6 3.d4 cxd4 4.Nxd4 Nc6 5.Nc3 Qc7 6.Be2 a6 7.O-O Nf6 8.Kh1 Bb4
9.Qd3 O-O 10.f4 Nxd4 11.Qxd4 Bxc3 12.bxc3 d5 13.exd5 exd5 14.f5 Re8 15.Bf4 Qe7
16.Bd3 Bd7 17.Rab1 Bc6 18.Rf3 Ne4 19.Rbf1 f6 20.Re3 Rad8 21.Kg1 Kh8 22.g4 b5
23.h4 Bb7 24.a4 bxa4 25.Qxa4 Rc8 26.g5 Qf7 27.gxf6 gxf6 28.Bxe4 dxe4 29.Rg3 e3
30.Rxe3 Rxe3 31.Bxe3 Qd5 32.Kf2 Qf3+  0-1

[Event "Summer"]
[Site "Tel Aviv ISR"]
[Date "2003.07.22"]
[Round "3"]
[White "Botvinnik,Il"]
[Black "Deutsch,E"]
[Result "1/2-1/2"]
[WhiteElo "2389"]
[BlackElo "2348"]

1.e4 c5 2.Nf3 e6 3.Nc3 Nc6 4.d4 cxd4 5.Nxd4 Nf6 6.a3 d6 7.Be3 Be7 8.Be2 a6
9.O-O O-O 10.f4 Qc7 11.Qe1 Bd7 12.Qg3 d5 13.e5 Ne8 14.Bd3 Nxd4 15.Bxd4 Bc5
16.Ne2 f5 17.Qe3 Rc8 18.h3 g6 19.Rf2 a5 20.c3 Qb6 21.Bxc5 Qxc5 22.Nd4 b5
23.Rc1 b4 24.axb4 axb4 25.c4 Ng7 26.Rfc2 Rfd8 27.cxd5 Qxd5 28.Bc4 Qb7 29.Kf2 Kf8
30.Be2 Rxc2 31.Rxc2 Rc8 32.Rd2 h6 33.Bf3 Qc7 34.Ne2 Bb5 35.Qd4 Qe7  1/2-1/2

[Event "zt 3.3"]
[Site "Yongchuan CHN"]
[Date "2003.07.22"]
[Round "10"]
[White "Ye Jiangchuan"]
[Black "Wang Rui"]
[Result "1/2-1/2"]
[WhiteElo "2683"]
[BlackElo "2481"]

1.e4 c5 2.Nf3 e6 3.d4 cxd4 4.Nxd4 Nc6 5.Nc3 Qc7 6.Be2 Nf6 7.O-O a6 8.Kh1 Be7
9.f4 d6 10.a4 O-O 11.Be3 Re8 12.Bd3 Nb4 13.a5 Bd7 14.Qf3 Rac8 15.Qg3 Nh5
16.Qf3 Nf6 17.Qg3 Nh5 18.Qe1 e5 19.Nde2 exf4 20.Nxf4 Nxf4 21.Rxf4 Bg5 22.Bb6 Qb8
23.Rf1 Re6 24.Qf2 Rf6 25.Qg3 Rg6 26.Qf2 Rf6 27.Qe2 Rh6 28.Nd5 Nxd3 29.cxd3 Be6
30.h3 Bxd5 31.exd5 Re8 32.Qg4 Rg6 33.Qf5 Rf8 34.Qd7 h6 35.Rae1 Bf6 36.Rc1 Qe8
37.Qxe8 Rxe8 38.Rfe1  1/2-1/2

[Event "BCSA Open"]
[Site "Batumi GEO"]
[Date "2003.07.23"]
[Round "7"]
[White "Atakisi,U"]
[Black "Sulashvili,G"]
[Result "1-0"]
[WhiteElo "2323"]
[BlackElo "2174"]

1.e4 c5 2.Nf3 Nc6 3.d4 cxd4 4.Nxd4 e6 5.Nc3 Qc7 6.Be3 a6 7.Bd3 Nf6 8.O-O Ne5
9.f4 Neg4 10.Bd2 Bc5 11.Ne2 e5 12.fxe5 Qxe5 13.Bf4 Bxd4+ 14.Kh1 Qc5 15.Nxd4 Qxd4
16.e5 Nf2+ 17.Rxf2 Qxf2 18.exf6 d5 19.fxg7 Rg8 20.Bg3 Qf6 21.Qe1+ Be6 22.Be5 Qg5
23.Qc3 Rc8 24.Qd4 f5 25.Bf6 Qg6 26.Re1 Rc6 27.c4 Kf7 28.cxd5 Qxf6 29.dxe6+ Kxg7
30.Qd7+ Kh6 31.e7 Rd6 32.e8=Q Rxe8 33.Qxe8 Rxd3 34.h3 Rd6 35.b3 b5 36.Re5 Rc6
37.Rd5 Re6 38.Qd7 Kg6 39.Qc7 h6 40.Rd8 Kh5 41.Rd5 Kg6 42.Kh2 Rc6 43.Qg3+ Kf7
44.Qf3 Kg6 45.Rxf5 Qxf5 46.Qxc6+ Kh7 47.Qc7+ Kh8 48.Qd6 Kh7 49.Kg3 Qg5+ 50.Kf3 Qf5+
51.Qf4 Qd3+ 52.Qe3 Qf5+ 53.Kg3 Qg6+ 54.Kh2 Qc6 55.Qg3 Qb6 56.b4 Qc6 57.Qd3+ Kh8
58.a3 Qe6 59.g4 Qe1 60.Kg2 Kg7 61.Kf3 Qe5 62.Qe3 Qd5+ 63.Kf4 Qf7+ 64.Ke4 Qe6+
65.Kd3 Qc4+ 66.Kd2 Qa2+ 67.Ke1 Qb1+ 68.Kf2 Qc2+ 69.Kf3 Qc6+ 70.Kf4 Qf6+ 71.Kg3 Qc6
72.Qd4+ Kg8 73.Kh4 Kh7 74.Qe5 Kg6 75.Kg3 Qc4 76.Qf5+ Kg7 77.Kh4 Qc6 78.Qe5+ Kg6
79.Qe7 Qc3 80.Qe6+ Kg7 81.Qd7+ Kg6 82.Qf5+ Kg7 83.g5 Qe1+ 84.Kh5 Qe2+ 85.Kh4 Qe1+
86.Kg4 Qg1+ 87.Kh5 Qd1+ 88.Qg4 Qd5 89.Kh4 Qd8 90.Qf4 Kg6 91.Qe4+ Kg7 92.Qe5+ Kf7
93.Qf5+ Kg7 94.Qe5+ Kh7 95.Kg4 Qd1+ 96.Kf4 Qf1+ 97.Kg4 Qd1+ 98.Kh4 Qd8 99.Qf5+ Kg7
100.Kg4 Qd1+ 101.Kf4 Qd2+ 102.Kg4 Qd1+ 103.Kg3 Qg1+ 104.Kf4 Qc1+ 105.Ke4 hxg5
106.Qd7+ Kg6 107.Qe8+ Kh6 108.Qh8+ Kg6 109.Qg8+ Kf6 110.Qd8+ Kg6 111.Qd3 Kh6
112.Qf3 Kg6 113.Kd5 Qc4+ 114.Ke5 Qc7+ 115.Kd4 Qc4+ 116.Ke5 Qc7+ 117.Kd4 Qc4+
118.Ke5 Qc7+ 119.Kd4 Qd6+ 120.Ke3 Qb6+ 121.Ke2 Qe6+ 122.Qe3 Qxe3+ 123.Kxe3 Kh5
124.Ke4 Kh4 125.Kf5 Kh5 126.Ke5 Kh4 127.Kf6 Kh5 128.Kg7  1-0

[Event "26th Asian Juniors Girls"]
[Site "Negombo SRI"]
[Date "2003.07.23"]
[Round "7"]
[White "Sachdev,T"]
[Black "Nilavoli,H"]
[Result "1/2-1/2"]
[WhiteElo "2206"]
[BlackElo "2111"]

1.e4 c5 2.Nf3 e6 3.d4 cxd4 4.Nxd4 Nc6 5.Nc3 a6 6.Be3 Qc7 7.Bd3 Nf6 8.Nb3 b5
9.f4 d6 10.O-O Be7 11.Qf3 Bb7 12.Rae1 O-O 13.Qh3 e5 14.Nd5 Qc8 15.Qg3 exf4
16.Qxf4 Nxd5 17.exd5 Ne5 18.Be4 Qg4 19.Na5 Bc8 20.g3 Qxf4 21.Bxf4 Bf6 22.c3 Ra7
23.Nc6 Rc7 24.g4 g6 25.Bg2 Re8 26.Re3  1/2-1/2

[Event "KB Czech Open"]
[Site "Pardubice CZE"]
[Date "2003.07.23"]
[Round "6"]
[White "Groszpeter,A"]
[Black "Bar,R"]
[Result "1/2-1/2"]
[WhiteElo "2502"]
[BlackElo "2404"]

1.e4 c5 2.Nf3 e6 3.d4 cxd4 4.Nxd4 Nc6 5.Nc3 Qc7 6.Be3 a6 7.Qd2 Nf6 8.O-O-O Be7
9.f3 b5 10.g4 d6 11.g5 Nd7 12.h4 Bb7 13.Rh3 Na5 14.Kb1 Nb6 15.b3 O-O 16.g6 Rac8
17.gxf7+ Rxf7 18.Ncxb5 axb5 19.Nxb5 Qc6 20.Nd4 Qc7 21.Nb5 Qc6 22.Nd4 Qc7  1/2-1/2

[Event "KB Czech Open"]
[Site "Pardubice CZE"]
[Date "2003.07.23"]
[Round "6"]
[White "Hracek,Z"]
[Black "Grigoriants,S RUS"]
[Result "1-0"]
[WhiteElo "2584"]
[BlackElo "2499"]

1.e4 c5 2.Nf3 e6 3.d4 cxd4 4.Nxd4 Nc6 5.Nc3 d6 6.Be3 Nf6 7.Qd2 Be7 8.f3 O-O
9.O-O-O a6 10.g4 Nxd4 11.Bxd4 b5 12.g5 Nd7 13.h4 Rb8 14.Kb1 b4 15.Ne2 Ne5
16.Ng1 Bb7 17.Qe3 Qc7 18.f4 Rbc8 19.Rd2 Nd7 20.b3 Rfe8 21.Nf3 Bf8 22.Bd3 Nc5
23.h5 d5 24.e5 a5 25.Bxh7+ Kxh7 26.g6+ Kg8 27.Ng5 Re7 28.Bxc5 Qxc5 29.gxf7+ Rxf7
30.Qd3 Rf5 31.Nxe6 Qc3 32.Qxf5 Qxd2 33.Ng5  1-0

[Event "MTO"]
[Site "Biel SUI"]
[Date "2003.07.24"]
[Round "4"]
[White "Kritz,L"]
[Black "Adler,J"]
[Result "1-0"]
[WhiteElo "2522"]
[BlackElo "2310"]

1.e4 c5 2.Nf3 Nc6 3.Nc3 e6 4.d4 cxd4 5.Nxd4 Qc7 6.Be3 a6 7.Be2 Nf6 8.a3 Be7
9.f4 d6 10.g4 Nxd4 11.Bxd4 e5 12.Bf2 Qc6 13.Bf3 h5 14.gxh5 Be6 15.f5 Bc4
16.Qd2 Rc8 17.Rg1 Kf8 18.O-O-O Nxh5 19.Bxh5 Rxh5 20.Be3 b5 21.Qg2 Rh7 22.Kb1 a5
23.Nd5 Bxd5 24.Rxd5 Qc4 25.h4 Rxh4 26.Qxg7+ Ke8 27.Qg8+ Bf8 28.Rxd6 Rh2 29.Ka1 Rxc2
30.f6 Rh2 31.Rgd1 Rxb2 32.Qxf8+  1-0

[Event "25th Politiken Cup"]
[Site "Copenhagen DEN"]
[Date "2003.07.24"]
[Round "10"]
[White "Hasling,R"]
[Black "Petersen,PB"]
[Result "0-1"]
[WhiteElo "2040"]
[BlackElo "2221"]

1.e4 c5 2.Nf3 Nc6 3.d4 cxd4 4.Nxd4 e6 5.Nc3 Qc7 6.f4 d6 7.Ndb5 Qb8 8.a4 Nf6
9.Be2 Be7 10.Be3 O-O 11.Bf3 Rd8 12.Qe2 a6 13.Na3 Nd7 14.O-O Qc7 15.Nc4 b6
16.Qf2 Rb8 17.Na3 Bb7 18.Rab1 Rdc8 19.Ne2 Nc5 20.b3 Nb4 21.Ng3 Bc6 22.Bxc5 bxc5
23.c3 Nd3 24.Qd2 c4 25.Nxc4 Nc5 26.Qc2 Nxb3 27.Rxb3 Bxa4 28.Nd2 Bxb3 29.Nxb3 Qb6+
30.Nd4 Qxd4+ 31.cxd4 Rxc2 32.d5 Bf6 33.dxe6 Bd4+ 34.Kh1 fxe6 35.h3 Rcb2 36.Ne2 Rb1
37.Rxb1 Rxb1+ 38.Kh2 e5 39.Bg4 Rb2 40.Be6+ Kf8 41.Bc4 a5 42.fxe5 Bxe5+  0-1

[Event "ch-NED Open"]
[Site "Dieren NED"]
[Date "2003.07.24"]
[Round "3"]
[White "Pannekoek,W"]
[Black "Van der Elburg,F"]
[Result "0-1"]
[WhiteElo "2100"]
[BlackElo "2228"]

1.e4 c5 2.Nf3 e6 3.d4 cxd4 4.Nxd4 Nc6 5.Nc3 Qc7 6.Ndb5 Qb8 7.Be3 a6 8.Bb6 axb5
9.Nxb5 Bb4+ 10.c3 Ba5 11.Nc7+ Qxc7 12.Bxc7 Bxc7 13.Qg4 g6 14.Bd3 d5 15.Qe2 Nge7
16.O-O O-O 17.a4 d4 18.f4 dxc3 19.bxc3 Ba5 20.Ra3 Bb6+ 21.Kh1 Bc5 22.Ra2 b6
23.Rf3 f5 24.Bb5 Bb7 25.exf5 Rxf5 26.Qxe6+ Kg7 27.Qe2 Raf8 28.Rd2 Ne5 29.Rf1 Nd5
30.Rxd5 Bxd5 31.Rd1 Ba8 32.Bd7 Nxd7 33.Rxd7+ R8f7 34.Rxf7+ Kxf7 35.Qc4+ Bd5
36.Qb5 Rxf4 37.Qd7+ Kf6 38.Qd8+ Ke5 39.Qe8+ Kf6 40.Qd8+ Kg7 41.Qc7+ Rf7 42.Qe5+ Kh6
43.h4 Rf5 44.Qc7 Be3 45.Qe7 Bc5 46.Qd8 Bf2 47.c4 Bxh4 48.Qxb6 Bf2  0-1

[Event "ch-GBR"]
[Site "Edinburgh SCO"]
[Date "2003.07.24"]
[Round "10"]
[White "Neelotpal,D"]
[Black "Conquest,S"]
[Result "1/2-1/2"]
[WhiteElo "2462"]
[BlackElo "2560"]

1.e4 c5 2.Nf3 e6 3.d4 cxd4 4.Nxd4 Nc6 5.Nc3 d6 6.Be2 Nf6 7.Be3 Be7 8.O-O O-O
9.f4 Bd7 10.Ndb5 Qb8 11.a4 Rd8 12.Bf3 Be8 13.Qe2 a6 14.Nd4 Qc7 15.Kh1 Rac8
16.Qf2 Qb8 17.a5 Nb4 18.Qg3 Bf8 19.Rf2 Rc4 20.Raf1 Nc6 21.Nb3 d5 22.exd5 exd5
23.Bb6 Rd7 24.Be2 Rxc3 25.Qxc3 Ne4 26.Qf3 Bd6 27.Bd3 Nxf2+ 28.Qxf2 Re7 29.c3 Re6
30.Nd4 Nxd4 31.Bxd4 Bb5 32.Qg3 Qf8 33.Bxb5 axb5 34.Qg5 f5 35.g4  1/2-1/2

[Event "4th It"]
[Site "Montreal CAN"]
[Date "2003.07.24"]
[Round "2"]
[White "Nataf,IA"]
[Black "Romanishin,O"]
[Result "1/2-1/2"]
[WhiteElo "2549"]
[BlackElo "2561"]

1.e4 c5 2.Nf3 e6 3.d4 cxd4 4.Nxd4 Nc6 5.Nc3 a6 6.Be2 Nge7 7.f4 b5 8.Nf3 Bb7
9.Be3 Na5 10.O-O Nec6 11.Qd2 Be7 12.Rad1 d6 13.b3 O-O 14.a4 b4 15.Na2 Qc7
16.Bd3 Rac8 17.Qf2 Qb8 18.Kh1 Qa8 19.Bb6 Qb8 20.Qe2 e5 21.f5 Qa8 22.Qe1 f6
23.Nxb4 Nxb4 24.Qxb4 Nc6 25.Qe1 Nb8 26.c4 Nd7 27.Qe3 a5 28.c5 d5 29.exd5 Bxd5
30.Bb5 Nxb6 31.cxb6 Bc5 32.Qd3 Bxf3 33.Qxf3 Qxf3  1/2-1/2

[Event "3rd Savaria Summer Open"]
[Site "Szombathely HUN"]
[Date "2003.07.24"]
[Round "6"]
[White "Gruskovnjak,T"]
[Black "Horvath,Gy1"]
[Result "0-1"]
[WhiteElo "2325"]
[BlackElo "2443"]

1.Nf3 c5 2.e4 e6 3.d4 cxd4 4.Nxd4 Nc6 5.Nc3 Qc7 6.Be3 Nf6 7.Bd3 a6 8.O-O Bd6
9.h3 Bf4 10.Bxf4 Qxf4 11.Nde2 Qc7 12.Qd2 O-O 13.a4 d6 14.f4 Bd7 15.Kh1 Rad8
16.Ng1 Ne7 17.Rae1 Ng6 18.Qe3 Bc6 19.Nf3 e5 20.fxe5 dxe5 21.Rf2 Qe7 22.Bc4 h6
23.Bb3 Rd7 24.Ref1 b5 25.axb5 axb5 26.Nh4 Ng4 27.Rxf7 Rxf7 28.Rxf7 Qxh4 29.Rf4+ Kh7
30.Rxg4 Qf6 31.Rg3 Rd4 32.Rf3 Qh4 33.Bd5 Bxd5 34.Nxd5 Rxe4 35.Qf2 Qg5 36.Nc3 Qc1+
37.Kh2 Re1 38.Rf5 Rh1+ 39.Kg3 Qxb2 40.Qd2 Qb4 41.Qd3 Qh4+ 42.Kf3 Qe1 43.Kg4 b4
44.Rf6 Qh4+  0-1

[Event "3rd Savaria Summer Open"]
[Site "Szombathely HUN"]
[Date "2003.07.24"]
[Round "6"]
[White "Remete,E"]
[Black "Nagy,Ben"]
[Result "1/2-1/2"]
[WhiteElo "2147"]
[BlackElo "2292"]

1.e4 c5 2.Nf3 e6 3.Nc3 Nc6 4.d4 cxd4 5.Nxd4 Nf6 6.Ndb5 d6 7.Bf4 e5 8.Bg5 a6
9.Na3 b5 10.Bxf6 gxf6 11.Nd5 Be6 12.Ne3 Bh6 13.Nf5 Bxf5 14.exf5 d5 15.Qh5 Bf8
16.Nb1 Qa5+ 17.Nd2 Nd4 18.Kd1 b4 19.Bd3 Rg8 20.g3 e4 21.Re1 Rg5 22.Qxh7 Rxf5
23.f3 O-O-O 24.fxe4 dxe4 25.Rxe4 Nxc2 26.Rc4+ Kb8 27.Kxc2 Rf2 28.b3 Qg5 29.Rd1 Qa5
30.Kb1 Qd5 31.Ne4 Rf1 32.Bc2 Rxd1+ 33.Bxd1 Qxd1+ 34.Kb2 Qd5 35.Qh4 f5 36.Qf4+ Ka8
37.Ng5 Bg7+ 38.Kb1 Qd1+ 39.Rc1 Qd3+ 40.Rc2 Qd1+ 41.Rc1 Qd3+  1/2-1/2

[Event "BCSA Open"]
[Site "Batumi GEO"]
[Date "2003.07.25"]
[Round "9"]
[White "Paresishvili,G"]
[Black "Sulashvili,G"]
[Result "0-1"]
[WhiteElo "2286"]
[BlackElo "2174"]

1.e4 c5 2.Nf3 e6 3.d4 cxd4 4.Nxd4 Nc6 5.Nc3 Qc7 6.Be3 a6 7.Bd3 Nf6 8.O-O b5
9.Qe2 Ne5 10.f4 Nxd3 11.cxd3 Bc5 12.e5 Qa7 13.Nc2 Bxe3+ 14.Nxe3 Ng4 15.Qxg4 Qxe3+
16.Kh1 Bb7 17.Ne4 Bxe4 18.dxe4 O-O 19.f5 Kh8 20.Rae1 Qd4 21.f6 Rg8 22.Qh4 Raf8
23.Rf3 Qd2 24.Rg1 g6 25.Qh3 g5 26.Qh6 Qe2 27.Rg3 g4 28.h3 Rc8 29.Re3 Qf2
30.hxg4 Rg6 31.Qh3 Qf4 32.Rf3 Qxe5 33.Qh5 Qxe4 34.g5 Rc5 35.Rh3 h6 36.Qd1 Rcxg5
37.Qxd7 Rxf6 38.Qc8+ Kg7 39.Qc3 Qe5 40.Qa3 Qd5 41.Qc3 e5 42.Rh2 Rfg6 43.Qe3 Qxa2
44.Qf2 Qe6 45.Re1 Qf5 46.Qe2 Rf6 47.Qd1 Qf2 48.b4 Rgf5 49.Rg1 Qd4 50.Qe1 Qc4
51.Qg3+ Kh7 52.Rh3 Qxb4 53.Qd3 Qd4 54.Qc2 Qc4 55.Rc3 Qxc3  0-1

[Event "ch-COL"]
[Site "Cali COL"]
[Date "2003.07.25"]
[Round "7"]
[White "Mendoza,Raf"]
[Black "Zapata,A"]
[Result "1-0"]
[WhiteElo "2363"]
[BlackElo "2543"]

1.e4 c5 2.Nf3 e6 3.d4 cxd4 4.Nxd4 Nc6 5.Nc3 Qc7 6.Be3 a6 7.Bd3 Nf6 8.O-O Ne5
9.h3 Bc5 10.Qe2 Ng6 11.Nb3 Bxe3 12.Qxe3 e5 13.Na4 d6 14.Nb6 Rb8 15.c4 O-O
16.Rfd1 Nf4 17.Bf1 Be6 18.Nd2 Nd7 19.Nd5 Bxd5 20.cxd5 Rfc8 21.g3 Nh5 22.Rac1 Qd8
23.Nc4 Nc5 24.b4 Na4 25.Na5 Nb6 26.h4 Nf6 27.Bh3 Rxc1 28.Rxc1 h6 29.Kg2 Kf8
30.f3 Ke7 31.Rc6 Nfd7 32.Qc1 Kf8 33.Rc2 Kg8 34.Nc6 bxc6 35.dxc6 Rc8 36.cxd7 Rxc2+
37.Qxc2 Nxd7 38.Qc6 Nb6 39.a4 d5 40.a5 Nc4 41.Qc8 Qf8 42.Kf2 Nd6 43.Qxf8+ Kxf8
44.exd5 Nb5 45.Bf1 Nc7 46.d6  1-0

[Event "ch-NED Open"]
[Site "Dieren NED"]
[Date "2003.07.25"]
[Round "4"]
[White "Naalden,M"]
[Black "De Kleuver,E"]
[Result "1-0"]
[WhiteElo "2094"]
[BlackElo "2177"]

1.e4 c5 2.Nf3 e6 3.d4 cxd4 4.Nxd4 Nc6 5.Nc3 Qc7 6.Be3 a6 7.Nb3 Nf6 8.a3 b5
9.g3 d6 10.Bg2 Bb7 11.O-O Be7 12.f4 O-O 13.g4 h6 14.h4 Rad8 15.g5 hxg5 16.hxg5 Nh7
17.Kf2 g6 18.Rh1 f5 19.Rh6 Kg7 20.Rxh7+ Kxh7 21.Qh1+ Kg8 22.Qh6 Kf7 23.exf5 gxf5
24.Nd5 Qb8 25.Qh5+ Kg7 26.Nd4 Nxd4 27.Qh6+ Kg8 28.Qg6+  1-0

[Event "ch-GBR"]
[Site "Edinburgh SCO"]
[Date "2003.07.25"]
[Round "11"]
[White "Gallagher,Jo"]
[Black "Kunte,A"]
[Result "1/2-1/2"]
[WhiteElo "2520"]
[BlackElo "2515"]

1.e4 c5 2.Nf3 e6 3.d4 cxd4 4.Nxd4 Nc6 5.Nc3 Qc7 6.Be2 a6 7.O-O Nf6 8.Kh1 Be7
9.f4 d6 10.Be3 O-O 11.Qe1 Nxd4 12.Bxd4 b5 13.a3 Bb7 14.Qg3 Bc6 15.Rad1 Rac8
16.Rfe1 Qb7 17.Bf3 Kh8 18.e5 dxe5 19.fxe5 Nd7 20.Ne4 Bxe4 21.Bxe4 Qc7 22.Qh3 g6
23.b4 Kg8 24.c3 Rfe8 25.Bd3 Bf8 26.a4 bxa4 27.Bxa6 Ra8 28.Bd3 Bg7 29.Qe3 a3
30.Ra1 Reb8 31.Ra2 Nb6 32.Rea1 Nd5 33.Qe1 Rd8 34.Rc2 Qb8 35.Qe4 Ne7 36.Rca2 Nf5
37.Bg1 Qc8 38.Rxa3 Rxa3 39.Rxa3 Qd7 40.Be2 Qd2 41.Qf3  1/2-1/2

[Event "ch-GBR"]
[Site "Edinburgh SCO"]
[Date "2003.07.25"]
[Round "11"]
[White "Ahmed,SN"]
[Black "Taylor,RM"]
[Result "1-0"]
[WhiteElo "2283"]
[BlackElo "2169"]

1.e4 c5 2.Nc3 e6 3.Nf3 Nc6 4.d4 cxd4 5.Nxd4 d6 6.g3 Nf6 7.Bg2 Be7 8.O-O O-O
9.Kh1 Bd7 10.Nb3 a6 11.a4 Qc7 12.f4 Rac8 13.g4 d5 14.e5 Ne8 15.Be3 Nb4 16.a5 f6
17.Bb6 Qb8 18.Qe2 fxe5 19.fxe5 Rxf1+ 20.Rxf1 Nc7 21.Nc5 Be8 22.Qf2 Bg6 23.Nd7 Qa8
24.Bc5 Bxc5 25.Qxc5 Nc6 26.Nb6 Qb8 27.Nxc8 Qxc8 28.b4 Nxe5 29.b5 Nd7 30.Qd6 Nf6
31.g5 Nce8 32.Qb4 Nd7 33.Nxd5 Qxc2 34.Qf8+  1-0

[Event "KB Czech Open"]
[Site "Pardubice CZE"]
[Date "2003.07.25"]
[Round "8"]
[White "Kutuzovic,B"]
[Black "Tunik,G"]
[Result "0-1"]
[WhiteElo "2396"]
[BlackElo "2497"]

1.e4 c5 2.Nf3 e6 3.d4 cxd4 4.Nxd4 Nc6 5.Nc3 Qc7 6.Ndb5 Qb8 7.Be3 a6 8.Bb6 axb5
9.Nxb5 Bb4+ 10.c3 Ba5 11.Nc7+ Qxc7 12.Bxc7 Bxc7 13.Qg4 Kf8 14.Bb5 h5 15.Qe2 h4
16.O-O Nf6 17.a4 d5 18.exd5 exd5 19.b4 Rh5 20.Qb2 Ne4 21.a5 Ne5 22.Be2 Rh6
23.Rfd1 Be6 24.Rd4 Nd6 25.Rad1 Nec4 26.Qc1 Re8 27.Bf3 Nb5 28.Rxc4 dxc4 29.Bxb7 Bf5
30.f3 Bd3 31.Be4 Bxe4 32.fxe4 Be5 33.Qe3 Nxc3 34.Rd7 Kg8 35.Qc5 Nxe4 36.Qxc4 Nd6
37.Qd3 Rf6 38.a6 Bd4+  0-1

[Event "3rd Savaria Summer Open"]
[Site "Szombathely HUN"]
[Date "2003.07.25"]
[Round "7"]
[White "Pg,MOAHirawan"]
[Black "Csonka,A"]
[Result "0-1"]
[WhiteElo "2208"]
[BlackElo "2327"]

1.e4 c5 2.Nf3 e6 3.d4 cxd4 4.Nxd4 Nc6 5.Nc3 Qc7 6.Be3 a6 7.Be2 Nf6 8.Nxc6 bxc6
9.O-O Be7 10.Bf3 Rb8 11.Rb1 O-O 12.Re1 d5 13.exd5 cxd5 14.Na4 Bd7 15.c4 Rb4
16.Nb6 Rxb6 17.Bxb6 Qxb6 18.cxd5 Bb4 19.Re2 exd5 20.a3 Bc5 21.b4 Bd4 22.Rc1 Be6
23.Qc2 g6 24.Qc6 Rc8 25.Rxe6 Rxc6 26.Rexc6 Bxf2+ 27.Kf1 Qe3 28.Rd1 Ne4  0-1